LIBRARY & INFORMATION CENTRE, KCAET, TAVANUR

ONLINE PUBLIC ACCESS CATALOGUE (OPAC)

Four plays / (Record no. 6046)

MARC details
000 -LEADER
fixed length control field 00348cam a2200145ua 4500
041 ## - LANGUAGE CODE
Language code of text/sound track or separate title eng
082 ## - DEWEY DECIMAL CLASSIFICATION NUMBER
Classification number 822
Item number ING/FO
100 ## - MAIN ENTRY--AUTHOR NAME
Personal name Inge, William .
245 ## - TITLE STATEMENT
Title Four plays /
260 ## - PUBLICATION, DISTRIBUTION, ETC. (IMPRINT)
Place of publication Melbourne :
Name of publisher William Heinemann Ltd ,
Year of publication 1960.
300 ## - PHYSICAL DESCRIPTION
Number of Pages 304 ; .
942 ## - ADDED ENTRY ELEMENTS (KOHA)
Koha item type Books
Holdings
Withdrawn status Lost status Damaged status Home library Current library Date acquired Cost, normal purchase price Full call number Accession Number Koha item type Public note
Withdrawn     KAUAET Malayalam University 07/04/2012 21.00 822 6737 Books Transferred to Malayalam University
free website counter